| 000 | 004820000a22001690004500 | ||
|---|---|---|---|
| 041 | 0 | _aSPA | |
| 082 | 0 | 4 | _aG 270 H9651i |
| 100 | 1 | _aHurlbut, Jesse Lyman (1843-1930) | |
| 245 | 1 | 0 | _aLa historia de la iglesia cristiana / Jesse Lyman Hurlbut, J. Roswell Flower, Miguel Narro |
| 260 | _aMiami, Fl., USA : Vida | ||
| 300 | _a235 Pag | ||
| 001 | 9135 | ||
| 942 | _cBK | ||
| 999 |
_c39210 _d39210 |
||
| 336 |
_atexto _btxt _2rdacontent |
||
| 337 |
_2rdamedia _asin mediación _bn |
||
| 338 |
_2rdacarrier _avolumen _bnc |
||